[Event "57th Biel Rapid Open"]
[Site "Biel SUI"]
[Date "2024.07.14"]
[Round "4.34"]
[White "Pappier, Carlos"]
[Black "Farhat Willemstein, Stela Souza"]
[Result "1-0"]
[BlackTitle "WFM"]
[WhiteElo "2202"]
[BlackElo "1863"]
[WhiteFideId "102598"]
[BlackFideId "2109808"]
[EventDate "2024.07.14"]
[EventType "swiss"]

1. d4 Nf6 2. c4 e6 3. Nc3 Bb4 4. e3 Ne4 5. Bd2 Nxd2 6. Qxd2 b6 7. Bd3 Bb7 8. Nf3
Bxf3 9. gxf3 Nc6 10. O-O-O Bxc3 11. Qxc3 Qf6 12. f4 d6 13. Be4 Kd7 14. Qb3 d5
15. cxd5 exd5 16. Qxd5+ Qd6 17. Qxf7+ Kc8 18. Qxg7 Kb7 19. Kb1 Qe6 20. Qe5 Rae8
21. Rc1 1-0

[Event "57th Biel Rapid Open"]
[Site "Biel SUI"]
[Date "2024.07.14"]
[Round "4.35"]
[White "Toktomushev, Teimur"]
[Black "Ranieri, Pierpaolo"]
[Result "1-0"]
[WhiteTitle "FM"]
[WhiteElo "2300"]
[BlackElo "1909"]
[WhiteFideId "14176726"]
[BlackFideId "893986"]
[EventDate "2024.07.14"]
[EventType "swiss"]

1. d4 d5 2. c4 c6 3. Nc3 Nf6 4. e3 e6 5. Nf3 Nbd7 6. Qc2 Bd6 7. Bd3 O-O 8. O-O
dxc4 9. Bxc4 b5 10. Bd3 Bb7 11. e4 e5 12. dxe5 Nxe5 13. Nxe5 Bxe5 14. h3 a6 15.
Be3 Rc8 16. Bc5 Bd6 17. Bxd6 Qxd6 18. Rad1 Qe7 19. Rfe1 h6 20. e5 Nd7 21. Bf5
Rcd8 22. e6 Nc5 23. exf7+ Qxf7 24. Rxd8 Rxd8 25. b4 Re8 26. Rxe8+ Qxe8 27. bxc5
Qe1+ 28. Kh2 Qe5+ 29. g3 Qxc5 30. Be6+ Kh8 31. Qf5 Qxc3 32. Qf8+ Kh7 33. Qg8+
Kg6 34. Qf7+ Kh7 35. Bf5+ Kh8 36. Qf8# 1-0

[Event "57th Biel Rapid Open"]
[Site "Biel SUI"]
[Date "2024.07.14"]
[Round "4.37"]
[White "Harish, Neeraj"]
[Black "Materia, Matteo"]
[Result "1-0"]
[WhiteTitle "CM"]
[WhiteElo "2123"]
[BlackElo "1860"]
[WhiteFideId "30958130"]
[BlackFideId "45150575"]
[EventDate "2024.07.14"]
[EventType "swiss"]

1. e4 e5 2. Nf3 Nc6 3. Bc4 Nf6 4. d3 Bc5 5. O-O h6 6. c3 d6 7. Re1 Bg4 8. Nbd2
O-O 9. h3 Be6 10. Bxe6 fxe6 11. b4 Bb6 12. a4 a6 13. Nf1 Qe8 14. Be3 Bxe3 15.
Rxe3 Nh5 16. g3 Nf6 17. N1h2 Qh5 18. Kg2 Qf7 19. b5 Ne7 20. bxa6 bxa6 21. Rb1
Rab8 22. d4 Ng6 23. Qf1 Rxb1 24. Qxb1 exd4 25. cxd4 e5 26. d5 Nd7 27. a5 Rb8 28.
Rb3 Qe8 29. Nf1 Rxb3 30. Qxb3 Qb8 31. Qxb8+ Nxb8 32. Ne1 c5 33. Ne3 Ne7 34. Nc4
Nc8 35. Nc2 Kf7 36. f4 Nd7 37. Kf3 Kf6 38. N2e3 exf4 39. gxf4 g6 40. Ng4+ Kg7
41. e5 h5 42. Nge3 dxe5 43. fxe5 Ne7 44. Ke4 Nc8 45. d6 Kf7 46. Kd5 Ke8 47. e6
Nf6+ 48. Kxc5 g5 49. Kc6 Kd8 50. Ne5 Ng8 51. Nf7+ Ke8 52. d7+ 1-0

[Event "57th Biel Rapid Open"]
[Site "Biel SUI"]
[Date "2024.07.14"]
[Round "4.38"]
[White "Kuhn, Thomas"]
[Black "Rahimi, Hamid"]
[Result "1-0"]
[WhiteElo "2094"]
[BlackElo "1740"]
[WhiteFideId "1304135"]
[BlackFideId "1344838"]
[EventDate "2024.07.14"]
[EventType "swiss"]

1. Nf3 d5 2. g3 Nf6 3. Bg2 Bg4 4. c4 c6 5. Ne5 Bc8 6. O-O Nbd7 7. Nxd7 Bxd7 8.
Qb3 Qb6 9. Nc3 Qxb3 10. axb3 dxc4 11. bxc4 e5 12. d3 h6 13. Be3 a6 14. h3 Be7
15. Ra5 Bd6 16. Bc5 Bc7 17. Ra2 O-O-O 18. b4 Be6 19. Ra3 Bd6 20. Bxd6 Rxd6 21.
b5 cxb5 22. cxb5 Rhd8 23. bxa6 Rxa6 24. Rxa6 bxa6 25. Ra1 Rd6 26. Ra5 Nd7 27.
Ne4 Rb6 28. Nc5 Nxc5 29. Rxc5+ Kd8 30. Rxe5 Rb5 31. Rxb5 axb5 32. Kf1 Kc7 33.
Ke1 Kb6 34. Kd2 Kc5 35. Kc3 b4+ 36. Kc2 b3+ 37. Kc3 Kb5 38. d4 Ka4 39. d5 Bd7
40. Kb2 Kb4 41. h4 Bb5 42. e4 Bd3 43. e5 Bc4 44. d6 Be6 45. Bc6 1-0

[Event "57th Biel Rapid Open"]
[Site "Biel SUI"]
[Date "2024.07.14"]
[Round "4.39"]
[White "Brockmann, Fabian"]
[Black "Szakolczai, Peter"]
[Result "1/2-1/2"]
[BlackTitle "FM"]
[WhiteElo "2003"]
[BlackElo "2188"]
[WhiteFideId "4639561"]
[BlackFideId "705624"]
[EventDate "2024.07.14"]
[EventType "swiss"]

1. e4 g6 2. d4 Bg7 3. Nc3 c5 4. d5 d6 5. Bb5+ Nd7 6. a4 Nf6 7. Nf3 O-O 8. O-O
Ne8 9. Bf4 Nc7 10. Be2 b6 11. Qd2 f6 12. h4 Ne5 13. Nxe5 fxe5 14. Bg5 Ba6 15. h5
Bxe2 16. Nxe2 Qd7 17. hxg6 hxg6 18. c4 a6 19. g3 Rf7 20. Kg2 Raf8 21. f3 e6 22.
Nc3 Bf6 23. Rf2 Qe7 24. Bxf6 Rxf6 25. Rh1 Qg7 26. Qg5 exd5 27. Nxd5 Nxd5 28.
exd5 Rf5 29. Qh4 Rh5 30. Qe4 Rxh1 31. Kxh1 Rf5 32. Rh2 1/2-1/2

[Event "57th Biel Rapid Open"]
[Site "Biel SUI"]
[Date "2024.07.14"]
[Round "4.40"]
[White "Marinkovic, Zoran"]
[Black "Zarriess, Benjamin"]
[Result "1-0"]
[WhiteElo "2105"]
[BlackElo "1767"]
[WhiteFideId "1346083"]
[BlackFideId "34606645"]
[EventDate "2024.07.14"]
[EventType "swiss"]

1. e4 e5 2. Nf3 Nc6 3. Bc4 Nf6 4. d3 h6 5. O-O d6 6. a3 g6 7. h3 Bg7 8. Be3 O-O
9. Nc3 Re8 10. Qd2 g5 11. Nh2 Ne7 12. h4 gxh4 13. Bxh6 Ng6 14. Qg5 Be6 15. Bxe6
Rxe6 16. Bxg7 Kxg7 17. f4 exf4 18. Rxf4 Nh7 19. Qg4 Qg5 20. Qxg5 Nxg5 21. Rg4
Kh6 22. Nd5 Rc8 23. Rf1 c6 24. Nf4 Rf6 25. Nxg6 Rxf1+ 26. Kxf1 Kxg6 27. Rxh4 Re8
28. Nf3 f6 29. Rg4 Rh8 30. Nh4+ Kf7 31. Nf5 Ke6 32. Ke2 Rh1 33. Kd2 Rh2 34. Kc3
Rh7 35. Nd4+ Kd7 36. Rf4 Rf7 37. Nf3 Nxf3 38. Rxf3 Ke6 39. Rg3 Ke7 40. Rg8 Ke6
41. a4 a6 42. a5 d5 43. Re8+ Kd6 44. exd5 Kxd5 45. Rg8 Kc5 46. b4+ Kd6 47. Kc4
Re7 1-0

[Event "57th Biel Rapid Open"]
[Site "Biel SUI"]
[Date "2024.07.14"]
[Round "4.41"]
[White "Chauvon, Guillaume"]
[Black "King, Alexander"]
[Result "1-0"]
[WhiteElo "2061"]
[BlackElo "1935"]
[WhiteFideId "206784"]
[BlackFideId "1352334"]
[EventDate "2024.07.14"]
[EventType "swiss"]

1. Nf3 d5 2. d4 Bf5 3. c4 e6 4. Nc3 c6 5. Qb3 Qb6 6. c5 Qc7 7. Bf4 Qc8 8. e3 Nd7
9. Be2 b6 10. Qa4 bxc5 11. Ba6 Qd8 12. Bb7 Rc8 13. Bxc6 cxd4 14. Nxd4 Bg6 15.
Qxa7 Nf6 16. O-O Bc5 17. Qxc5 Rxc6 18. Qxc6 O-O 19. Bg5 1-0

[Event "57th Biel Rapid Open"]
[Site "Biel SUI"]
[Date "2024.07.14"]
[Round "4.42"]
[White "Edoecs, Joseph"]
[Black "Keymer, Cecilia"]
[Result "1-0"]
[WhiteElo "2015"]
[BlackElo "1865"]
[WhiteFideId "1309404"]
[BlackFideId "16233468"]
[EventDate "2024.07.14"]
[EventType "swiss"]

1. e4 e5 2. Nf3 Nc6 3. Bc4 Bc5 4. b4 Bxb4 5. O-O Nf6 6. d4 d6 7. c3 Ba5 8. Qa4
a6 9. dxe5 Nxe4 10. Bd5 Nc5 11. Bxc6+ bxc6 12. Qxa5 O-O 13. exd6 cxd6 14. Qxd8
Rxd8 15. Ba3 Ne4 16. Re1 d5 17. Nfd2 Bf5 18. Nxe4 dxe4 19. c4 Rd3 20. Bc5 Rad8
21. Bb6 R8d7 22. Be3 Be6 23. c5 Bc4 24. a4 Rd1 25. Nc3 Rxa1 26. Rxa1 f5 27. g3
Rd3 28. Rc1 Bb3 29. a5 Kf7 30. Ne2 Rd5 31. Nd4 Ba4 32. Kg2 g6 33. f3 exf3+ 34.
Nxf3 Rd3 35. Kf2 Rb3 36. Bd4 Rb4 37. Ke3 Bb5 38. Kf4 Be2 39. Ne5+ Ke8 40. Nxc6
Bb5 41. Nxb4 1-0

[Event "57th Biel Rapid Open"]
[Site "Biel SUI"]
[Date "2024.07.14"]
[Round "4.43"]
[White "Roth, Martin"]
[Black "Wild, Beat"]
[Result "1-0"]
[WhiteElo "1973"]
[BlackElo "1732"]
[WhiteFideId "1303392"]
[BlackFideId "1320041"]
[EventDate "2024.07.14"]
[EventType "swiss"]

1. e4 d5 2. exd5 Qxd5 3. Nc3 Qa5 4. d4 Bf5 5. Bd2 e6 6. Bc4 c6 7. Nf3 Qc7 8. Qe2
Be7 9. O-O Nd7 10. Bb3 Ngf6 11. Rfe1 Nb6 12. Nh4 Bg6 13. Nxg6 hxg6 14. g3 O-O-O
15. Bf4 Bd6 16. Be5 Bxe5 17. dxe5 Nfd5 18. f4 Nxc3 19. bxc3 Nd5 20. c4 Ne7 21.
Qf2 Kb8 22. a4 Rd7 23. c3 Rhd8 24. a5 Rd2 25. Re2 Rxe2 26. Qxe2 Qd7 27. Rd1 Qc7
28. Rxd8+ Qxd8 29. Qd1 Qxd1+ 30. Bxd1 c5 31. Ba4 Kc7 32. Be8 f6 33. Kf2 Kd8 34.
Ba4 Kc7 35. Bb5 Nc6 36. a6 b6 37. Ke3 f5 38. Kd3 Kd7 39. h3 Kc7 40. Ke3 Na5 41.
g4 Kd8 42. Kf3 Ke7 43. Kg3 Nb3 44. Ba4 Nd2 45. Kh4 Ne4 46. gxf5 gxf5 47. Kh5
Nxc3 48. Kg6 Kf8 49. Bd7 b5 50. cxb5 Nd5 51. Bxe6 Nxf4+ 52. Kxf5 Nxe6 53. Kxe6
c4 54. b6 1-0

[Event "57th Biel Rapid Open"]
[Site "Biel SUI"]
[Date "2024.07.14"]
[Round "4.45"]
[White "Bonanomi, Silvan"]
[Black "Akhmediyar, Yernur"]
[Result "1-0"]
[WhiteElo "1924"]
[BlackElo "1751"]
[WhiteFideId "1352644"]
[BlackFideId "13732129"]
[EventDate "2024.07.14"]
[EventType "swiss"]

1. e4 c5 2. c3 Nf6 3. e5 Nd5 4. Bc4 Nb6 5. Bb3 d6 6. exd6 Qxd6 7. d4 cxd4 8.
cxd4 g6 9. Nc3 Bg7 10. Nge2 O-O 11. O-O Nc6 12. Bf4 Qd8 13. d5 Na5 14. Re1 Nac4
15. Bxc4 Nxc4 16. Qb3 Nd6 17. Rad1 b6 18. Nd4 Bb7 19. Ndb5 Qd7 20. Nxd6 exd6 21.
Nb5 Qg4 22. Bxd6 Rfe8 23. Bg3 h5 24. Rxe8+ Rxe8 25. Nd6 Re7 26. Nxb7 Rxb7 27. h3
Qg5 28. a4 h4 29. Bh2 Rd7 30. d6 Be5 31. Bxe5 Qxe5 32. Qc3 Qe6 33. Re1 Rxd6 34.
Rxe6 Rxe6 35. Qd4 a6 36. Qxh4 Kg7 37. Qd4+ Kf8 38. b4 Ke7 39. f4 f5 40. Kf2 Rd6
41. Qg7+ Kd8 42. Qg8+ Kc7 43. Qc4+ Kb7 44. g4 Rc6 45. Qd5 Kc7 46. gxf5 gxf5 47.
Qxf5 1-0

[Event "57th Biel Rapid Open"]
[Site "Biel SUI"]
[Date "2024.07.14"]
[Round "4.46"]
[White "Lee, Peter"]
[Black "Bachmann, Daniel"]
[Result "0-1"]
[WhiteElo "1870"]
[BlackElo "1713"]
[WhiteFideId "1315420"]
[BlackFideId "1357492"]
[EventDate "2024.07.14"]
[EventType "swiss"]

1. d4 Nf6 2. Nf3 d5 3. e3 c5 4. b3 Nc6 5. Bb2 g6 6. Bd3 cxd4 7. exd4 Bg7 8. O-O
O-O 9. Nbd2 Nb4 10. Be2 Bf5 11. c3 Nd3 12. Ba3 Qa5 13. Bxe7 Rfe8 14. Nh4 Nf4 15.
Nxf5 gxf5 16. Bb4 Nxe2+ 17. Kh1 Qc7 18. Qc2 a5 0-1

[Event "57th Biel Rapid Open"]
[Site "Biel SUI"]
[Date "2024.07.14"]
[Round "4.48"]
[White "Chen, Muxi"]
[Black "Boyer, Jean-Francois"]
[Result "1-0"]
[WhiteElo "2030"]
[BlackElo "1742"]
[WhiteFideId "8626073"]
[BlackFideId "650226"]
[EventDate "2024.07.14"]
[EventType "swiss"]

1. e4 e5 2. Nf3 Nc6 3. Bc4 Nf6 4. d3 h6 5. c3 d6 6. O-O Be7 7. Nbd2 O-O 8. Bb3
Bg4 9. h3 Bh5 10. Re1 Qc8 11. Nf1 Nh7 12. Ng3 Bg6 13. d4 exd4 14. cxd4 Ng5 15.
Nxg5 Bxg5 16. Bxg5 hxg5 17. Qd2 g4 18. h4 Kh8 19. h5 Bh7 20. Rac1 f5 21. exf5
Bxf5 22. Bd5 Qd7 23. Nxf5 Rxf5 24. Be6 1-0

[Event "57th Biel Rapid Open"]
[Site "Biel SUI"]
[Date "2024.07.14"]
[Round "4.49"]
[White "Coletta, Julien"]
[Black "Mutter, Kevin"]
[Result "1-0"]
[WhiteElo "1778"]
[BlackElo "1856"]
[WhiteFideId "1342223"]
[BlackFideId "1327240"]
[EventDate "2024.07.14"]
[EventType "swiss"]

1. e4 c5 2. Nc3 e6 3. g3 Nc6 4. Bg2 a6 5. f4 Qc7 6. d3 b5 7. Nf3 d6 8. O-O Nf6
9. e5 dxe5 10. Nxe5 Bb7 11. Nxc6 Bxc6 12. Ne4 Be7 13. Be3 O-O 14. Qe2 c4 15.
Nxf6+ Bxf6 16. c3 cxd3 17. Qxd3 Bxg2 18. Kxg2 Qc6+ 19. Kg1 Rfd8 20. Qc2 b4 21.
c4 Rac8 22. Rac1 Rd4 23. b3 Re4 24. Bf2 Rd8 25. Rcd1 Bd4 26. Bxd4 Rexd4 27. Rxd4
Rxd4 28. Rd1 Qc5 29. Rxd4 Qxd4+ 30. Kg2 Qc5 31. Qd3 g6 32. Kf3 h5 33. h4 Qa5 34.
Qd2 Kf8 35. Qd6+ Kg7 36. Qe5+ Qxe5 37. fxe5 f5 1-0

[Event "57th Biel Rapid Open"]
[Site "Biel SUI"]
[Date "2024.07.14"]
[Round "4.50"]
[White "Ademi, Rexhe"]
[Black "Haas, Anthony"]
[Result "0-1"]
[WhiteElo "1635"]
[BlackElo "1824"]
[WhiteFideId "1350366"]
[BlackFideId "1346407"]
[EventDate "2024.07.14"]
[EventType "swiss"]

1. Nf3 d5 2. c3 Nf6 3. d3 e6 4. g3 Be7 5. Bg2 O-O 6. O-O c5 7. Qc2 Nc6 8. Nbd2
b6 9. e4 Qc7 10. Re1 Bb7 11. e5 Nd7 12. d4 Rac8 13. Nb3 cxd4 14. Nbxd4 Ndxe5 15.
Nxc6 Nxc6 16. Bf4 Bd6 17. Be3 h6 18. Qe2 e5 19. Nh4 Ne7 20. Qg4 Kh7 21. Rad1 g6
22. Qh3 h5 23. Nf3 Rcd8 24. Qh4 Nf5 25. Ng5+ Kg8 26. Qh3 Bc8 27. g4 Nxe3 28.
Rxe3 Bxg4 29. Qh4 Bxd1 30. Bxd5 Be7 31. Qe4 Bxg5 32. Qxg6+ Kh8 33. Qxg5 Rg8 34.
Qxg8+ Rxg8+ 35. Kf1 Qd7 36. c4 Rg5 37. h4 Rf5 38. Be4 Rf4 39. Bd5 e4 40. Ke1 Bf3
41. Kd2 Rf5 42. Kc3 Rxd5 43. cxd5 Qxd5 44. a3 f5 45. Kb4 a5+ 46. Ka4 Qc4+ 47. b4
Bd1+ 48. Rb3 Bxb3# 0-1

[Event "57th Biel Rapid Open"]
[Site "Biel SUI"]
[Date "2024.07.14"]
[Round "4.51"]
[White "Mani, Thomas"]
[Black "Rajendiram, Rajithan"]
[Result "1/2-1/2"]
[WhiteElo "1839"]
[BlackElo "1560"]
[WhiteFideId "1326783"]
[BlackFideId "1341987"]
[EventDate "2024.07.14"]
[EventType "swiss"]

1. d4 d5 2. Nf3 Nf6 3. Bf4 Bf5 4. e3 e6 5. Nbd2 Bd6 6. Bxd6 Qxd6 7. Be2 O-O 8.
O-O Nbd7 9. c4 c6 10. Qb3 b6 11. Rac1 c5 12. Rfd1 cxd4 13. Nxd4 Bg6 14. Nb5 Qb8
15. Bf3 Nc5 16. Qa3 a6 17. Nd4 Be4 18. cxd5 Bxf3 19. N2xf3 Nxd5 20. b4 Ne4 21.
Nc6 Qb7 22. Nfd4 Nec3 23. Re1 Nb5 24. Qb3 Kh8 25. a4 Nxd4 26. Nxd4 Rfd8 27. h3
Rdc8 28. Qb2 a5 29. bxa5 Rxa5 30. Rxc8+ Qxc8 31. e4 Nf4 32. Qxb6 Rxa4 33. Rd1
Rxd4 34. Rxd4 Ne2+ 35. Kh2 Nxd4 36. Qxd4 Qc7+ 37. g3 h6 38. Kg2 Kh7 39. h4 f6
40. Qe3 Qd6 41. Qf3 Qe5 42. Qd3 Qh5 43. Qc4 Qe5 44. Qd3 Qh5 45. Qc4 1/2-1/2

[Event "57th Biel Rapid Open"]
[Site "Biel SUI"]
[Date "2024.07.14"]
[Round "4.52"]
[White "Schaer, Bryan"]
[Black "Jaggy, Enzo"]
[Result "1-0"]
[WhiteElo "1803"]
[BlackElo "1835"]
[WhiteFideId "1356127"]
[BlackFideId "1344919"]
[EventDate "2024.07.14"]
[EventType "swiss"]

1. e4 e6 2. d4 d5 3. e5 c5 4. c3 Nc6 5. Nf3 Qb6 6. a3 c4 7. Nbd2 Na5 8. Rb1 Bd7
9. Be2 Ne7 10. O-O Nb3 11. Nxb3 Ba4 12. Nfd2 g6 13. Bxc4 dxc4 14. Nxc4 Qxb3 15.
Nd6+ Kd7 16. Qf3 Nf5 17. Nxb7 Bc6 18. Qxc6+ Kxc6 19. Na5+ Kd5 20. Nxb3 Rb8 21.
Nd2 a5 22. Re1 Bh6 23. Nf3 Bf8 24. Bg5 a4 25. Bf6 Rg8 26. Ng5 Rb7 27. Nxh7 Bh6
28. g4 Ng7 29. g5 Rh8 30. gxh6 Rxh7 31. hxg7 1-0

[Event "57th Biel Rapid Open"]
[Site "Biel SUI"]
[Date "2024.07.14"]
[Round "4.53"]
[White "Papaux, Jeremie"]
[Black "Wolffs, Walter"]
[Result "1-0"]
[WhiteElo "1808"]
[BlackElo "1554"]
[WhiteFideId "1340867"]
[BlackFideId "3213994"]
[EventDate "2024.07.14"]
[EventType "swiss"]

1. Nf3 e6 2. c4 b6 3. g3 Bb7 4. Bg2 Nf6 5. O-O Be7 6. d4 O-O 7. Nc3 d5 8. Ne5
Nbd7 9. Nxd7 Qxd7 10. Qc2 c6 11. b3 dxc4 12. Rd1 cxb3 13. axb3 Nd5 14. e4 Nxc3
15. Qxc3 c5 16. Bb2 cxd4 17. Rxd4 Qc6 18. Rc4 Bf6 19. Rxc6 Bxc3 20. Rxc3 Rfd8
21. Rc7 Rd2 22. Be5 f6 23. Bf4 1-0

[Event "57th Biel Rapid Open"]
[Site "Biel SUI"]
[Date "2024.07.14"]
[Round "4.54"]
[White "Paholok, Igor"]
[Black "Jordan, Christina"]
[Result "1-0"]
[WhiteElo "1801"]
[BlackElo "1749"]
[WhiteFideId "1338951"]
[BlackFideId "1347977"]
[EventDate "2024.07.14"]
[EventType "swiss"]

1. d4 d5 2. Nf3 Nf6 3. e3 e6 4. Bd3 Bd6 5. c3 O-O 6. Nbd2 Nbd7 7. e4 dxe4 8.
Nxe4 Nxe4 9. Bxe4 Nf6 10. Bc2 b6 11. Bg5 Bb7 12. Qd3 g6 13. h4 h5 14. O-O-O Be7
15. Bh6 Re8 16. Ng5 Qc8 17. f3 Bf8 18. Nxf7 Kxf7 19. Qxg6+ Ke7 20. Bg5 Kd7 21.
Bxf6 Be7 22. d5 Bxd5 23. Rxd5+ exd5 24. Bf5+ Kd8 25. Bxc8 Rxc8 26. Rd1 c6 27.
Bxe7+ Rxe7 28. Qxh5 1-0

[Event "57th Biel Rapid Open"]
[Site "Biel SUI"]
[Date "2024.07.14"]
[Round "5.1"]
[White "Madaminov, Mukhiddin"]
[Black "Nesterov, Arseniy"]
[Result "1-0"]
[WhiteTitle "IM"]
[BlackTitle "GM"]
[WhiteElo "2512"]
[BlackElo "2602"]
[WhiteFideId "14210703"]
[BlackFideId "24198455"]
[EventDate "2024.07.14"]
[EventType "swiss"]

1. e4 e5 2. Nf3 Nf6 3. d4 Nxe4 4. Bd3 d5 5. Nxe5 Nd7 6. O-O Nxe5 7. dxe5 Nc5 8.
Be3 Nxd3 9. Qxd3 c6 10. f4 g6 11. Nd2 Bf5 12. Qb3 Qd7 13. Qc3 Bg7 14. a4 O-O 15.
a5 f6 16. Bc5 Rf7 17. Nf3 Be4 18. Rae1 Re8 19. exf6 Bxf6 20. Ne5 Bxe5 21. fxe5
Qg4 22. Qd2 Rxe5 23. Rxf7 Kxf7 24. h3 Qg3 25. Bd6 Qg5 26. Qxg5 Rxg5 27. g4 Ke6
28. Bf4 Re5 29. c3 b6 30. Kf2 h5 31. Bxe5 Kxe5 32. gxh5 gxh5 33. Rg1 Kf4 34. Rg7
bxa5 35. Rxa7 Bf5 36. h4 Kg4 37. Rc7 1-0

[Event "57th Biel Rapid Open"]
[Site "Biel SUI"]
[Date "2024.07.14"]
[Round "5.2"]
[White "Jumabayev, Rinat"]
[Black "Materia, Marco"]
[Result "1/2-1/2"]
[WhiteTitle "GM"]
[BlackTitle "IM"]
[WhiteElo "2565"]
[BlackElo "2453"]
[WhiteFideId "13702661"]
[BlackFideId "45150451"]
[EventDate "2024.07.14"]
[EventType "swiss"]

1. Nf3 d5 2. g3 Nf6 3. Bg2 e6 4. O-O Be7 5. d3 c5 6. e4 Nc6 7. Nbd2 h6 8. Re1
O-O 9. a4 a6 10. c3 Rb8 11. e5 Nh7 12. Nf1 b5 13. axb5 axb5 14. h4 Bb7 15. d4 b4
16. N1h2 bxc3 17. bxc3 cxd4 18. cxd4 Ra8 19. Rb1 Ba6 20. Ng4 Rb8 21. Ra1 Nb4 22.
Bd2 Bc4 23. Bf1 Qd7 24. Qa4 Qxa4 25. Rxa4 Bxf1 26. Rxf1 Rb7 27. Bxb4 Bxb4 28.
Rb1 Rfb8 29. Ne3 g6 30. h5 gxh5 31. Kg2 Ng5 32. Rh1 Nxf3 33. Kxf3 Bc3 34. Rxh5
Rb4 35. Rxb4 Rxb4 36. Rxh6 Bxd4 37. Ng4 Kg7 38. Rh5 Rb2 39. Rg5+ Kf8 40. Rh5 Ke7
41. Rh8 Rb4 42. Kg2 Rb2 43. Ra8 f5 44. exf6+ Kf7 45. Ra4 Rd2 46. Kf1 Kg6 47. Ra6
Kf7 48. Ra3 Rb2 49. Rd3 Rb4 50. Rf3 Rb8 51. Rf4 e5 52. Rf5 Kg6 53. Rf3 e4 54.
Rf4 Rf8 55. f3 Rf7 56. fxe4 dxe4 57. Kg2 Bxf6 58. Rxe4 Bg7 59. Nh2 Ra7 60. Nf3
Bf6 61. Kh3 Ra6 62. Kg4 Rd6 63. Rc4 Rb6 64. Ng1 Rb5 65. Nh3 Be5 66. Rc6+ Kg7 67.
Ng5 Rb4+ 68. Kf5 Bxg3 69. Rg6+ Kf8 70. Nh7+ Ke7 71. Rg7+ Kd6 72. Rxg3 Rb5+ 73.
Kf6 Rb1 74. Rd3+ Kc5 75. Ng5 Kc4 76. Rd8 Re1 77. Kf5 Kc5 78. Ne4+ Kc6 79. Rd6+
Kc7 80. Rh6 Ra1 81. Ke5 Ra5+ 82. Kd4 Ra4+ 83. Kd5 Ra1 84. Rc6+ Kd7 85. Nc5+ Ke7
86. Rh6 Kf7 87. Ke5 Ra5 88. Rc6 Ra1 89. Rc7+ Kg6 90. Ne4 Ra5+ 91. Kf4 Rf5+ 92.
Kg4 Ra5 93. Rc6+ Kf7 94. Kf4 Ke7 95. Nc5 Ra1 96. Ke5 Kf7 97. Rf6+ Ke7 98. Rh6
Re1+ 99. Ne4 Kd7 100. Rg6 Kc7 101. Re6 Rd1 102. Rh6 Re1 103. Rh3 Kc6 104. Rb3
Kc7 105. Kd5 Rd1+ 106. Kc5 Kd7 107. Nc3 Rd3 108. Rb7+ Ke6 109. Kc4 Rd2 110. Ne4
Ra2 111. Rb5 Ra4+ 112. Kd3 Ra3+ 113. Kd4 Ra4+ 114. Ke3 Ra1 115. Rb6+ Ke5 116.
Rb5+ Ke6 117. Nc5+ Kf6 118. Nd3 Ra4 119. Nb4 Ra1 120. Nd5+ Ke6 121. Nc3 Rh1 122.
Kd4 Rh4+ 123. Ne4 Rh1 124. Re5+ Kd7 125. Nf6+ Kc6 126. Re6+ Kb5 127. Ne4 Rd1+
128. Kc3 Rh1 129. Re5+ Kc6 130. Rg5 Rc1+ 131. Kd4 Rd1+ 132. Kc4 Kd7 133. Rg6 Ke7
134. Nc3 Rd2 135. Nd5+ Kf7 136. Rf6+ Kg7 137. Ra6 Kf7 138. Kc5 Rd1 139. Rf6+ Kg7
140. Rd6 Kf7 141. Rd7+ Ke6 142. Re7+ Kf5 143. Re8 Rd2 144. Kd6 Kg4 145. Rf8 Re2
146. Kc5 Rd2 147. Kc4 Kg3 148. Ne3 Rd7 1/2-1/2

[Event "57th Biel Rapid Open"]
[Site "Biel SUI"]
[Date "2024.07.14"]
[Round "5.3"]
[White "Munguntuul, Batkhuyag"]
[Black "Ganguly, Surya Shekhar"]
[Result "0-1"]
[WhiteTitle "IM"]
[BlackTitle "GM"]
[WhiteElo "2356"]
[BlackElo "2592"]
[WhiteFideId "4900758"]
[BlackFideId "5002150"]
[EventDate "2024.07.14"]
[EventType "swiss"]

1. e4 e5 2. Nf3 Nc6 3. Bb5 a6 4. Ba4 f5 5. d3 fxe4 6. dxe4 Nf6 7. O-O d6 8. Bg5
Be7 9. Nc3 O-O 10. Nd5 Kh8 11. Nxe7 Qxe7 12. Nh4 Qf7 13. f4 Nxe4 14. fxe5 Qxf1+
15. Qxf1 Rxf1+ 16. Rxf1 Be6 17. Bxc6 bxc6 18. Bc1 dxe5 19. Re1 Nf6 20. Rxe5 Bxa2
21. b3 Bb1 22. Bb2 Bxc2 23. Re7 Rd8 24. Rxc7 Bxb3 25. h3 Rb8 26. Bc3 Bc2 27.
Rxc6 Bd3 28. Rc7 Kg8 29. Nf3 Bf5 30. Ra7 Rb6 31. Ng5 Rc6 32. Bd4 h6 33. Nf3 Be4
34. Kf2 Bd5 35. Ke3 Rc2 36. Rxa6 Rxg2 37. Bxf6 Rg3 38. Be5 Rxf3+ 39. Kd4 Bf7 40.
Ra8+ Kh7 41. Ra7 Kg6 42. h4 h5 43. Ra6+ Kh7 44. Ra7 Kg6 45. Ra6+ Kh7 46. Ra7 Rf1
47. Ke3 Kg6 48. Ra6+ Kh7 49. Ra7 Rf5 50. Bb2 Rb5 51. Bd4 Kg6 52. Ra6+ Kh7 53.
Ra7 Rf5 54. Rc7 Rf1 55. Bb2 Kg6 56. Rc6+ Kh7 57. Rc7 Rb1 58. Bd4 Kg6 59. Rc6+
Kh7 60. Rc7 Rf1 61. Ke2 Rf5 62. Ke3 Kh6 63. Rc6+ Bg6 64. Rc7 Bf7 65. Rc6+ Kh7
66. Rc7 Rf1 67. Ke2 Rf4 68. Ke3 Rf5 69. Ra7 Kh6 70. Ra6+ g6 71. Ra8 g5 72. Ra6+
Bg6 73. hxg5+ Kxg5 74. Rc6 Rf1 75. Ke2 Rb1 76. Be3+ Kf5 77. Kf3 Rb3 78. Rc5+ Kf6
79. Kf4 Rb4+ 80. Kg3 h4+ 81. Kh2 Bf5 82. Bf2 Rb2 83. Kg1 Rb1+ 84. Kh2 Rb2 85.
Kg1 Rb4 86. Kh2 Kg6 87. Rc6+ Kg5 88. Rb6 Ra4 89. Rb2 Be4 90. Be3+ Kg4 91. Rf2
Bf3 92. Rb2 Ra1 93. Bg1 Be4 94. Rd2 Rb1 95. Ra2 Rb3 96. Bc5 Rh3+ 97. Kg1 Rh1+ 0-1

[Event "57th Biel Rapid Open"]
[Site "Biel SUI"]
[Date "2024.07.14"]
[Round "5.4"]
[White "Sasikiran, Krishnan"]
[Black "Harsha, Bharathakoti"]
[Result "1/2-1/2"]
[WhiteTitle "GM"]
[BlackTitle "GM"]
[WhiteElo "2581"]
[BlackElo "2569"]
[WhiteFideId "5004985"]
[BlackFideId "5078776"]
[EventDate "2024.07.14"]
[EventType "swiss"]

1. d4 Nf6 2. c4 e6 3. Nf3 d5 4. g3 Be7 5. Bg2 O-O 6. O-O dxc4 7. Qc2 a6 8. a4
Bd7 9. Qxc4 Bc6 10. Bg5 a5 11. Nc3 Ra6 12. e3 Nbd7 13. Rfd1 Rb6 14. Qe2 Bd5 15.
e4 Nxe4 16. Nxd5 exd5 17. Be3 c6 18. Ne5 Nd6 19. Bh3 f5 20. Re1 Nf6 21. f3 Re8
22. Qc2 Qc8 23. Bd2 Ra6 24. Re2 Ra8 25. Rae1 Bf8 26. Bg5 h6 27. Bxf6 gxf6 28.
Ng6 Qd7 29. Nh4 Rxe2 30. Rxe2 Re8 31. Rxe8 Qxe8 32. Nxf5 1/2-1/2